000 00409nam a22001697a 4500
003 MACL
005 20151223133711.0
008 151223b xxu||||| |||| 00| 0 eng d
040 _cMACL
041 _aEnglish
082 _a333/JOH
100 _aRomila John
_922382
245 _aGroundwater Exploitation
260 _aNew Delhi
_bAlfa Publications
_c2009
650 _aEnvironment
_922383
942 _2ddc
_cBK
999 _c51646
_d51646